Регионална библиотека "Любен Каравелов" - Русе

Кратка история на Българската комунистическа партия (Запис номер 156897)

MARC детайли
000 -Лидер
Контролно поле с фиксирана дължина 01783nam a2200337 c 4500
003 - Код на организацията, давaща контролен номер
Контролно поле BLK
005 - Дата и час на последна редакция
Контролно поле 20180422113500.0
008 - Елементи от данни с фиксирана дължина
fixed length control field 180410b bul|||||r ||||||| ||bul||
010 ## - Наследен системен номер
LC control number KNG00163744000
040 ## - Източник на каталожния запис
Идентификатор на билиотеката - собственик на записа BLK
041 ## - Код за език
Код за езика на текст/звукозапис или на отделно заглавие Български
Код за езика КДБФ Български
080 ## - УДК
Текстов определител УДК Комунистически партии. Вж и 327.323
УДК код - определител по УДК 329.15
УДК определител (497.2)БКП
УДК - код + определител 329.15(497.2)БКП
139 ## - Редно поле
Редна дума Кратка история на Българската комунистическа партия
Авторски знак Крал - К 89
245 10 - Сведения за заглавието
Заглавие Кратка история на Българската комунистическа партия
Подзаглавни данни За системта на парт. просв.
Редно поле (дума) съавт. Ангел Веков; под ред. на Борис Боев.
250 ## - Област на изданието
Сведения за изданието 3. доп. изд.
257 ## - Страна на издаване
Страна на създаване/издаване България
260 ## - Област на издателските данни
-- София
Име на издателя, разпространителя и проч. Партиздат
Година на издаване 1986
300 ## - Физическа характеристика
Страници 528 с.
Размери/Мащаб 21 см
380 ## - Жанр
Жанр Обществени науки
500 ## - Общи забележки
Забележка Други авт. : Б. Боев, Б. Григоров, Д. Сирков, Ст. Радулов, Т. Радков, отбелязани на гърба на загл. с. ; Други ред. : Б. Григоров, Ст. Радулов. -1. изд. 1977 със загл. История на Българската комунистическа партия от същите авт. - 28 110 тир. -Библиогр. под линия.
650 #4 - Допълнително описание по предмет – тема
Основно описание – тема или топоним БКП - история
9 (RLIN) 251670
653 ## - Ключова дума – ненормативна
Ключова дума БКП
653 ## - Ключова дума – ненормативна
Ключова дума история
700 1# - Други автори (авторска отговорност)
Лично име Веков, Ангел
Автороска отговорност (Описва отношението между автора и произведението) съавт.
9 (RLIN) 376466
700 1# - Други автори (авторска отговорност)
Лично име Боев, Борис
Автороска отговорност (Описва отношението между автора и произведението) под ред. на
9 (RLIN) 376837
852 ## - Местоположение
Форматна сигнатура Цб 144300
856 4# - Електронен адрес и достъп
Електронен формат pdf - файл
Път до файла /url/
856 4# - Електронен адрес и достъп
Електронен формат pdf - файл
Път до файла /url/
942 ## - АРТИКУЛИ
Вид на библиотечния материал Книги
Скрит в OPAC Не
944 ## - СЪЗДАВАНЕ И РЕДАКЦИЯ на ЗАПИСА
Създаване/Редакция Създаване
Дата на регистрацията/редакция 25.07.2014
Статус, дата на статуса 25.07.2014 - от С1,Р / 25.07.2014
Служител, извършил регистрацията/редакцията Радостина_Карадакова
944 ## - СЪЗДАВАНЕ И РЕДАКЦИЯ на ЗАПИСА
Създаване/Редакция Редакция
Дата на регистрацията/редакция 25.07.2014
Статус, дата на статуса 25.07.2014 - от С1,Р / 25.07.2014
Служител, извършил регистрацията/редакцията
999 ## - СИСТЕМНИ КОНТРОЛНИ НОМЕРА
Koha biblionumber 156897
Koha biblioitemnumber 156897
Наличности
Код за отписване Код за изгубен артикул Източник на класификационната схема Код за повреда Коз за рестрикции Код за отдаване Артикулен № Име на библиотеката - собственик Име на библиотеката, в която се намира в момента Статус (Текущо местоположение) Дата на вписване в системата Местоположение - отдел Цена в лева Инвентарен номер Систематично азбучна сигнатура Баркод Номер на екземпляра Цена в евро Служебна бележка Служебен тип на артикула
  Не е изгубен Universal Decimal Classification Не е повреден без рестрикции ползва се в читалня 262744 Регионална библиотека "Любен Каравелов" Русе Регионална библиотека "Любен Каравелов" Русе Хранилище 1986-01-01 Хранилище 2.76 456507 Цб 144300 120000456507 1 1.41 Дата: 01.01.1986 Книги
Изтеглен Не е изгубен Universal Decimal Classification Не е повреден без рестрикции заемане за дома 262745 Регионална библиотека "Любен Каравелов" Русе Регионална библиотека "Любен Каравелов" Русе Заемна - подръчен фонд 1986-01-01 Заемна - подръчен фонд 2.76 459415 П 329(497.2)/К 89 459415 2 1.41 Дата: 01.01.1986 Дата инв: 19.02.2018 Бележки инв: П2018 Книги
Vip Innovations Ltd, Rousse, Bulgaria 2025